000 00375nam a2200133Ia 4500
005 20260326100033.0
008 260326s9999||||xx |||||||||||||| ||und||
100 _aDavis, Sam
245 0 _aDesigning for the Homeless :
_b Architecture that Works /
_cSam Davis
260 _bUniversity of California Press
300 _a161 p.
650 _aVIVIENDA DE EMERGENCIA
942 _cBK
999 _c6674
_d6674